Statistics for NFL - Top 30 Wide Receivers 2023-2024

Click here to take the quiz!

General Stats

  • This quiz has been taken 274 times
  • The average score is 20 of 30

Answer Stats

HintAnswer% Correct
2.Tyreek Hill
97%
1.Justin Jefferson
94%
9.Amon-Ra St. Brown
91%
8.A.J. Brown
90%
7.Ceedee Lamb
86%
3.Ja'Marr Chase
86%
5.Davante Adams
83%
4.Cooper Kupp
81%
6.Stefon Diggs
81%
13.Jaylen Waddle
80%
24.Deebo Samuel
78%
12.DeVonta Smith
77%
22.Brandon Aiyuk
74%
28.Mike Evans
73%
20.DK Metcalf
72%
14.Keenan Allen
72%
10.Chris Olave
69%
19.Amari Cooper
68%
23.D.J. Moore
68%
11.Garrett Wilson
67%
17.Tee Higgins
62%
16.Terry Mclaurin
60%
25.Diontae Johnson
52%
15.Drake London
52%
18.Calvin Ridley
50%
27.Chris Godwin
49%
26.Jerry Jeudy
41%
21.Christian Watson
32%
29.Tyler Lockett
2%
30.Jahan Dotson
1%

Score Distribution

Percentile by Number Answered

Percent of People with Each Score

Your Score History

You have not taken this quiz